000 00897nam a2200229Ia 4500
001 12411
003 GE_BSU
008 181216s||||||||xx |||||||||||||| ||und||
040 _cGE_BSU
080 _a631.3(075.32)
100 _aПильщиков,Л.М.
245 _aПрактикум по эксплуатации машиннотракторного парка
245 _bУч. пособ. для студ.высших сель.хоз.учеб.завед.по спец."Механизация сельского хозяйства" и "Сельское хозяйство
245 _cРед.Н.Д.Нагайцева
260 _aМосква
260 _bКолос
260 _c1976
300 _a270стр.илл.
300 _eПриложение
653 _aПрактикум по эксплуатации машиннотракторного парка
942 _cBK
999 _c45585
_d45585